000
00313nam a2200121Ia 4500
008
151213s9999 xx 000 0 und d
245
_a
The Planet Earth :The World Book Encyclopedia of Service
260
_b
World Book
300
_a
2976 p.
650
_a
Encyclopedia Pep
650
_a
Reference
999
_c
2063
_d
2063